00425nam a22001217a 4500003000200000005001700002008004100019050002100060245008700081260007200168300003000240500003300270020230201125906.0230201b xxu||||| |||| 00| 0 eng d aT58.6b.W38 2019 aApartment management system for maricken commercial stall rentalcWatanabe, Ken T. aLas Pinas CitybSouthville International School and CollegescC2019 aviiii,130ppc28cmfTheses aApartment management system.